Quizzes
Events
Quiz Creation
Community
Videos
Private Events
Remove Ads
Sign In
Join for FREE
Feedback
Dark Mode
Quiz Categories
Sports
Geography
Music
Movies
Television
Just For Fun
Miscellaneous
History
Literature
Language
Science
Gaming
Entertainment
Religion
Holiday
For Kids
Quiz Lab
Recent
Popular Today
Quiz Kudos Today
Editor Picks
Curator Picks
Quizzes by...
Day
Popularity
Type
Ratings
Length
Year
Community
Subscriptions
Recent Discussions
Orange Saloon
Badges
Playlists
Quests
Create
Leaderboards
Showdown
Live 5
Trivia Bingo
Activity
Puzzle Library
Sporcle Events
Private Events
Virtual Trivia
Globe League
Become a Host
Pub Owners
SporcleCon
Opinionation
Our Games
Videos
Blog
Mobile Apps
Partnerships
Remove Ads and Go Orange
Feedback
Sports
Athletes
MLB
NBA
NHL
NFL
Soccer
Sports Teams
WWE
NCAA
Football
Premier League
Basketball
Baseball
Hockey
Golf
Tennis
Cricket
Rugby
Auto Racing
Olympics
World Cup
Sports
Athletes
MLB
NBA
NHL
NFL
Soccer
Sports Teams
WWE
NCAA
Football
Premier League
Basketball
Baseball
Hockey
Golf
Tennis
Cricket
Rugby
Auto Racing
Olympics
World Cup
Random Quiz
Search Sporcle
×
Quiz Lab
Quiz Lab
Sports
Basketball
Type in answers that appear in a list
Type in answers that appear in a list
Classic
Best Score? Go Orange.
Name the Leading Scorer for Each NBA Team Stats
Can you name the Leading Scorer for Each NBA Team?
By
ikspuls
5m
30 Questions
644 Plays
644 Plays
644 Plays
Comments
Comments
Give Quiz Kudos
Give Quiz Kudos
-
- Ratings
hide this ad
More Info
Forced Order
Answers have to be entered in order
Answers have to be entered in order
Replay
Link that replays current quiz
Next Quiz
Link to next quiz in quiz playlist
You Got
0%
They Got
Avg Score
69%
Avg Friend Score
Upgrade to see
Score Distribution
Jump to the score distribution portion of the page
Score
0/30
Timer
05:00
0
Plays Today
Team
Player
% Correct
Chicago Bulls
Michael Jordan
96%
Dallas Mavericks
Dirk Nowitzki
94.7%
Cleveland Cavaliers
LeBron James
93.8%
Los Angeles Lakers
Kobe Bryant
92.7%
Atlanta Hawks
Dominique Wilkins
92.2%
Miami Heat
Dwyane Wade
90.4%
Houston Rockets
Hakeem Olajuwon
90.1%
Indiana Pacers
Reggie Miller
89.9%
Minnesota Timberwolves
Kevin Garnett
88%
Detroit Pistons
Isiah Thomas
87.6%
New York Knicks
Patrick Ewing
84.8%
Oklahoma City Thunder/
Seattle SuperSonics
Gary Payton
81.7%
Boston Celtics
John Havlicek
80.9%
Utah Jazz
Karl Malone
80.1%
Denver Nuggets
Alex English
78%
Team
Player
% Correct
Memphis Grizzlies
Pau Gasol
77.6%
Milwaukee Bucks
Kareem Abdul-Jabbar
75.3%
Golden State Warriors
Wilt Chamberlain
72.4%
Charlotte Bobcats
Gerald Wallace
71.9%
San Antonio Spurs
George Gervin
71.1%
Portland TrailBlazers
Clyde Drexler
69.6%
Toronto Raptors
Chris Bosh
68.5%
Sacramento Kings
Oscar Robertson
47%
Orlando Magic
Nick Anderson
41%
Washington Wizards
Elvin Hayes
39.8%
Philadelphia 76ers
Hal Greer
32%
New Jersey Nets
Buck Williams
30.6%
Los Angeles Clippers
Randy Smith
28.6%
New Orleans Hornets
Dell Curry
27.6%
Phoenix Suns
Walter Davis
18.6%
Quiz Playlist
Details
Report
Send in Message
Add To Playlist
More Info:
All points before 2010-2011 Season. Includes ABA seasons. Includes former team names/ cities. Points total for that team only.
Classic:
Type in answers that appear in a list
Forced Order:
Answers have to be entered in order
Last Updated: Feb 16, 2017
Quiz Scoreboard
CHALLENGE
Sign Up to Join the Scoreboard
Show All
Scores
Hide
Comments
May contain spoilers
Recently Published
Billboard Blitz: Fleetwood Mac
by CooCooCachoo
Music
15s
Presidents Visiting Landmarks
by Hejman
History
7m
An Introduction to Baseball
by treessimontrees
Sports
5m
More to Explore
Quiz From the Vault
Featured Blog Post
Where Did the Easter Bunny Come From?
hide this ad
You Might Also Like...
Tags
Basketball Quiz
NBA Quiz
Leading
Points Leaders
Scorer
team
total
Today's Top Quizzes in Sports
Browse Sports
hide this ad
Today's Top Quizzes in Basketball
Browse Basketball
Top Contributed Quizzes in Sports
1
Les meilleurs buteurs des matchs entre le PSG et l’OM
2
2022 World Cup Stars
3
FIFA Club World Cup Champions
4
Les entraîneurs de l'OM et du PSG au 21e siècle
5
Name the Premier League winners with different clubs
6
5-to-1: UK Sports Teams
7
La finale Lions - Afrique du Sud 2021
8
Criteria MLB: Left Handed Sluggers
9
AFC Teams Reveal (Wrong Answers Minefield)
10
England Test cricketers to play under Nasser Hussain
Explore More
Trending Topics
Kpop
Disney
NBA
Crossword
Anime
Harry Potter
Marvel
Pokémon
Song
Puzzle
Soccer
WWE
Country
The Office
NFL
hide this ad
More By:
ikspuls
Quiz
Plays
Rating
Category
Featured
Created
NBA Most Points (Clickable)
4,372
4.13
Sports
Feb 3, 2013
NBA Most Rebounds (Clickable)
1,894
3.86
Sports
Jul 6, 2012
NBA Most Assists (Clickable)
917
3.75
Sports
Jul 7, 2012
NBA Trivia For Each Team
864
4.10
Sports
Feb 21, 2011
12,00 Rebounds in a Career (Clickable)
837
4.00
Sports
Apr 5, 2012
Go to Creator's Profile
Score Distribution
Quiz Creator Spotlight
ikspuls
Follow
Send a Message
Quizzes Created
-
Created Quiz Play Count
-
More By This Creator
Popular Quizzes Today
1
Find the US States - No Outlines Minefield
2
Find the Countries of Europe - No Outlines Minefield
3
The Countries of the World
4
Find the US States
5
Popular People in 1961
6
US States
7
Risky Map Clicking: Biggest States A-Z
8
Movies - When Are They Set?
More Sports Quizzes
NFL 100 Yard Rushers (2018)
Quiz Lab
Trending Quizzes
Risky Map Clicking: Least Populous States A-Z
1-10 Letter G Words
1-10 Letter F Words
Risky Map Clicking: Next State Alphabetically
Risky Map Clicking: Biggest States A-Z
Recently Updated
Leaping Animals
pecheneg
Reality TV Shows (A-Z)
bhenderson79
Rickey Henderson's Hall of Fame Teammates
pecheneg
Champions League XIs: Arsenal
pecheneg
Quick Pick: Celebrities in WWE's Hall of Fame
aduchscher
A-Z Keypad Blitz II
pecheneg
Multiple Oscar Actors
pecheneg
Mystery Phrase Blitz: Oscar 'Best Actors'
pecheneg
F. Scott Fitzgerald Novels
LTH
Pick 3 Villains
ddd62291
Trending Topics
NBA
Kpop
Disney
Marvel
Anime
Harry Potter
Crossword
WWE
NFL
Puzzle
Soccer
Pokémon
Song
Country
The Office
Your Account Isn't Verified!
In order to create a playlist on Sporcle, you need to verify the email address you used during registration. Go to your
Sporcle Settings
to finish the process.
Report this User
Report this user for behavior that violates our
Community Guidelines
.
Details:
Send Report
Go to the Sporcle.com Mobile Site →
Comments